[Event "World Chess Olympiad 2018"]
[Site "Batumi"]
[Date "2018.09.28"]
[Round "5"]
[Board "1"]
[WhiteFideId "12600083"]
[White "Hasford John Kojo"]
[BlackFideId "6001890"]
[Black "Pang Yui Kuen"]
[Result "0-1"]
[LiveChessVersion "1.4.8"]
[BlackElo "1981"]
[WhiteElo "2042"]

1. d4 {[%clk 1:30:55]} d5 {[%clk 1:27:33]} 2. Nf3 {[%clk 1:30:59]} Nf6
{[%clk 1:27:51]} 3. c4 {[%clk 1:31:02]} e6 {[%clk 1:28:01]} 4. Nc3
{[%clk 1:31:08]} Be7 {[%clk 1:27:57]} 5. Bf4 {[%clk 1:31:08]} O-O
{[%clk 1:27:34]} 6. e3 {[%clk 1:31:14]} c5 {[%clk 1:25:13]} 7. Be2
{[%clk 1:30:57]} Nc6 {[%clk 1:18:08]} 8. h3 {[%clk 1:30:54]} Qb6 {[%clk 1:12:33]}
9. Rb1 {[%clk 1:27:46]} Rd8 {[%clk 1:09:54]} 10. cxd5 {[%clk 1:21:37]} Nxd5
{[%clk 0:58:36]} 11. Bg3 {[%clk 1:21:34]} cxd4 {[%clk 0:47:08]} 12. exd4
{[%clk 1:20:27]} e5 {[%clk 0:43:39]} 13. Bc4 {[%clk 1:17:33]} Bf5
{[%clk 0:20:35]} 14. Bxd5 {[%clk 1:12:20]} exd4 {[%clk 0:20:36]} 15. Nxd4
{[%clk 1:05:35]} Nxd4 {[%clk 0:21:00]} 16. O-O {[%clk 1:05:14]} Bxb1
{[%clk 0:20:43]} 17. Qxb1 {[%clk 1:05:19]} Ne2+ {[%clk 0:19:04]} 18. Nxe2
{[%clk 1:05:27]} Rxd5 {[%clk 0:19:32]} 19. Qe4 {[%clk 1:01:42]} Rd7
{[%clk 0:17:58]} 20. b3 {[%clk 0:59:36]} Rad8 {[%clk 0:17:53]} 21. Nf4
{[%clk 0:58:42]} Qd4 {[%clk 0:16:23]} 22. Qf3 {[%clk 0:55:53]} g6
{[%clk 0:16:25]} 23. h4 {[%clk 0:55:33]} h5 {[%clk 0:15:53]} 24. Re1
{[%clk 0:54:05]} Bf8 {[%clk 0:15:23]} 25. Kh2 {[%clk 0:53:39]} Qb2
{[%clk 0:14:40]} 26. a4 {[%clk 0:50:29]} Qc2 {[%clk 0:14:51]} 27. Re2
{[%clk 0:49:31]} Qc1 {[%clk 0:15:08]} 28. Nh3 {[%clk 0:44:30]} Rd1
{[%clk 0:14:01]} 29. Be5 {[%clk 0:43:24]} R8d3 {[%clk 0:07:56]} 30. Re3
{[%clk 0:43:29]} Rxe3 {[%clk 0:08:01]} 31. fxe3 {[%clk 0:43:49]} Bd6
{[%clk 0:06:27]} 32. Bxd6 {[%clk 0:42:45]} Rxd6 {[%clk 0:06:55]} 33. Qxb7
{[%clk 0:42:44]} Qc5 {[%clk 0:06:03]} 34. Qe7 {[%clk 0:42:09]} Qb6
{[%clk 0:05:13]} 35. Ng5 {[%clk 0:41:28]} Rf6 {[%clk 0:04:55]} 36. Qe8+
{[%clk 0:40:32]} Kg7 {[%clk 0:05:24]} 37. e4 {[%clk 0:40:23]} Qf2
{[%clk 0:03:52]} 38. Kh3 {[%clk 0:39:00]} Qe3+ {[%clk 0:04:11]} 39. Kh2
{[%clk 0:29:02]} Qf4+ {[%clk 0:04:22]} 40. Kg1 {[%clk 0:58:09]} Qf2+
{[%clk 0:34:43]} 41. Kh2 {[%clk 0:57:11]} Qxh4+ {[%clk 0:34:23]} 42. Nh3
{[%clk 0:57:31]} Re6 {[%clk 0:33:41]} 43. Qa8 {[%clk 0:56:05]} a6
{[%clk 0:28:49]} 44. e5 {[%clk 0:53:23]} Qd4 {[%clk 0:28:58]} 45. Qf3
{[%clk 0:51:44]} Qxe5+ {[%clk 0:29:13]} 46. Kh1 {[%clk 0:51:22]} Qe3
{[%clk 0:29:13]} 47. Qd5 {[%clk 0:50:50]} Qe1+ {[%clk 0:29:09]} 48. Ng1
{[%clk 0:51:02]} Qh4+ {[%clk 0:28:00]} 49. Nh3 {[%clk 0:51:18]} Re1+
{[%clk 0:28:13]} 50. Kh2 {[%clk 0:51:35]} Qe4 {[%clk 0:28:36]} 0-1

[Event "World Chess Olympiad 2018"]
[Site "Batumi"]
[Date "2018.09.28"]
[Round "5"]
[Board "2"]
[WhiteFideId "6001394"]
[White "Wong Brian"]
[BlackFideId "12600407"]
[Black "Mensah Joseph Jamena"]
[Result "1/2-1/2"]
[LiveChessVersion "1.4.8"]
[BlackElo "1999"]
[WhiteElo "2024"]

1. Nf3 {[%clk 1:30:23]} Nf6 {[%clk 1:30:53]} 2. b4 {[%clk 1:30:33]} d5
{[%clk 1:29:04]} 3. Bb2 {[%clk 1:30:25]} Bg4 {[%clk 1:29:14]} 4. e3
{[%clk 1:30:05]} Nbd7 {[%clk 1:28:33]} 5. c4 {[%clk 1:21:40]} e5 {[%clk 1:20:11]}
6. h3 {[%clk 1:16:17]} Bxf3 {[%clk 1:16:15]} 7. gxf3 {[%clk 1:15:19]} Bxb4
{[%clk 1:14:21]} 8. Qb3 {[%clk 1:12:45]} Qe7 {[%clk 1:11:08]} 9. cxd5
{[%clk 1:09:34]} O-O {[%clk 1:11:02]} 10. a3 {[%clk 1:03:31]} Bd6
{[%clk 1:10:45]} 11. Nc3 {[%clk 1:02:59]} c6 {[%clk 1:10:13]} 12. Rg1
{[%clk 0:56:53]} Nc5 {[%clk 1:09:32]} 13. Qa2 {[%clk 0:54:11]} Rad8
{[%clk 1:08:43]} 14. dxc6 {[%clk 0:50:49]} bxc6 {[%clk 1:08:40]} 15. Bc4
{[%clk 0:46:42]} Bc7 {[%clk 1:08:40]} 16. O-O-O {[%clk 0:38:35]} Nd3+
{[%clk 1:07:36]} 17. Bxd3 {[%clk 0:38:41]} Rxd3 {[%clk 1:08:02]} 18. Qc4
{[%clk 0:37:11]} Rfd8 {[%clk 1:07:04]} 19. Qxc6 {[%clk 0:33:18]} Bd6
{[%clk 1:06:13]} 20. Qa4 {[%clk 0:29:27]} Bc5 {[%clk 1:05:15]} 21. Kc2
{[%clk 0:20:49]} Qd6 {[%clk 1:05:05]} 22. Ne4 {[%clk 0:20:00]} Nxe4
{[%clk 1:04:51]} 23. Qxe4 {[%clk 0:20:27]} Rxd2+ {[%clk 1:04:59]} 24. Rxd2
{[%clk 0:20:49]} Qxd2+ {[%clk 1:04:33]} 25. Kb1 {[%clk 0:21:11]} f6
{[%clk 0:34:58]} 26. Qc4+ {[%clk 0:20:01]} Qd5 {[%clk 0:35:00]} 27. Qxd5+
{[%clk 0:18:01]} Rxd5 {[%clk 0:34:44]} 28. f4 {[%clk 0:17:32]} exf4
{[%clk 0:33:44]} 29. Bxf6 {[%clk 0:17:54]} g6 {[%clk 0:34:06]} 30. Rg5
{[%clk 0:15:55]} Rxg5 {[%clk 0:32:52]} 31. Bxg5 {[%clk 0:16:22]} fxe3
{[%clk 0:33:16]} 32. Bxe3 {[%clk 0:16:37]} Bxe3 {[%clk 0:32:49]} 33. fxe3
{[%clk 0:17:03]} Kf7 {[%clk 0:33:06]} 34. Kc2 {[%clk 0:16:48]} Ke6
{[%clk 0:33:31]} 35. Kd3 {[%clk 0:15:51]} Ke5 {[%clk 0:33:59]} 36. a4
{[%clk 0:15:50]} g5 {[%clk 0:34:13]} 37. a5 {[%clk 0:13:25]} h5 {[%clk 0:34:30]}
38. a6 {[%clk 0:10:49]} Kd5 {[%clk 0:34:32]} 39. e4+ {[%clk 0:09:54]} Ke5
{[%clk 0:34:58]} 40. Ke3 {[%clk 0:39:28]} g4 {[%clk 1:05:11]} 41. hxg4
{[%clk 0:39:54]} hxg4 {[%clk 1:05:25]} 42. Kf2 {[%clk 0:39:57]} Kxe4
{[%clk 1:05:51]} 43. Kg3 {[%clk 0:40:13]} Kf5 {[%clk 1:04:36]} 44. Kg2
{[%clk 0:40:10]} Kf4 {[%clk 1:05:04]} 45. Kf2 {[%clk 0:40:34]} Kf5
{[%clk 1:05:28]} 46. Kg3 {[%clk 0:40:31]} Kg5 {[%clk 1:04:04]} 47. Kg2
{[%clk 0:40:48]} Kh4 {[%clk 1:02:56]} 48. Kh2 {[%clk 0:41:13]} Kg5
{[%clk 1:02:40]} 49. Kg3 {[%clk 0:41:38]} Kf5 {[%clk 1:03:03]} 50. Kg2
{[%clk 0:42:00]} Ke5 {[%clk 0:28:50]} 51. Kg3 {[%clk 0:42:21]} Kd5
{[%clk 0:29:08]} 52. Kxg4 {[%clk 0:42:47]} Kc6 {[%clk 0:29:23]} 53. Kf4
{[%clk 0:43:04]} Kb6 {[%clk 0:29:43]} 54. Ke4 {[%clk 0:43:15]} Kxa6
{[%clk 0:29:55]} 55. Kd4 {[%clk 0:43:32]} Kb5 {[%clk 0:29:25]} 56. Kc3
{[%clk 0:43:57]} Ka4 {[%clk 0:29:13]} 57. Kb2 {[%clk 0:44:03]} Kb4
{[%clk 0:29:41]} 58. Ka1 {[%clk 0:43:50]} Kb3 {[%clk 0:29:52]} 59. Kb1
{[%clk 0:35:16]} a5 {[%clk 0:28:59]} 1/2-1/2

[Event "World Chess Olympiad 2018"]
[Site "Batumi"]
[Date "2018.09.28"]
[Round "5"]
[Board "3"]
[WhiteFideId "12600148"]
[White "Anquandah Francis Eric"]
[BlackFideId "6002552"]
[Black "Ho In Hei Henry"]
[Result "0-1"]
[LiveChessVersion "1.4.8"]
[BlackElo "1797"]
[WhiteElo "1992"]

1. e4 {[%clk 1:30:54]} c5 {[%clk 1:30:55]} 2. Nf3 {[%clk 1:31:19]} e6
{[%clk 1:31:20]} 3. d4 {[%clk 1:31:35]} cxd4 {[%clk 1:31:47]} 4. Nxd4
{[%clk 1:31:53]} Nc6 {[%clk 1:32:09]} 5. Be2 {[%clk 1:31:30]} Nf6
{[%clk 1:29:59]} 6. Bf3 {[%clk 1:21:37]} Bc5 {[%clk 1:21:13]} 7. Nb3
{[%clk 1:20:27]} Be7 {[%clk 1:20:38]} 8. Nc3 {[%clk 1:19:42]} O-O
{[%clk 1:19:12]} 9. Bf4 {[%clk 1:17:57]} e5 {[%clk 1:17:36]} 10. Be3
{[%clk 1:17:25]} b6 {[%clk 1:15:51]} 11. Qd2 {[%clk 1:14:08]} a5 {[%clk 1:10:40]}
12. Nd5 {[%clk 1:11:31]} Rb8 {[%clk 1:10:20]} 13. Rd1 {[%clk 0:56:40]} Nb4
{[%clk 1:05:48]} 14. Nxe7+ {[%clk 0:53:14]} Qxe7 {[%clk 1:06:12]} 15. a3
{[%clk 0:53:30]} Nc6 {[%clk 1:05:43]} 16. O-O {[%clk 0:50:26]} Ba6
{[%clk 1:03:58]} 17. Rfe1 {[%clk 0:50:15]} Bc4 {[%clk 1:03:25]} 18. Qd6
{[%clk 0:41:37]} Rfc8 {[%clk 0:59:09]} 19. Bg5 {[%clk 0:41:11]} Be6
{[%clk 0:58:49]} 20. Qxe7 {[%clk 0:39:04]} Nxe7 {[%clk 0:59:11]} 21. Bxf6
{[%clk 0:39:13]} gxf6 {[%clk 0:59:35]} 22. Rd2 {[%clk 0:39:19]} Rc7
{[%clk 0:59:27]} 23. Nc1 {[%clk 0:39:18]} Rbc8 {[%clk 0:58:58]} 24. c3
{[%clk 0:39:31]} Nc6 {[%clk 0:56:11]} 25. h3 {[%clk 0:39:43]} Kf8
{[%clk 0:49:04]} 26. Bd1 {[%clk 0:38:51]} Ke7 {[%clk 0:44:14]} 27. Bb3
{[%clk 0:36:46]} b5 {[%clk 0:42:35]} 28. Red1 {[%clk 0:34:24]} b4
{[%clk 0:41:25]} 29. Bxe6 {[%clk 0:31:25]} fxe6 {[%clk 0:41:28]} 30. Nb3
{[%clk 0:29:48]} bxc3 {[%clk 0:36:39]} 31. bxc3 {[%clk 0:29:48]} a4
{[%clk 0:28:35]} 32. Nc5 {[%clk 0:29:32]} Nb8 {[%clk 0:28:59]} 33. Nxa4
{[%clk 0:29:23]} Ra7 {[%clk 0:29:20]} 34. Nb6 {[%clk 0:18:25]} Rxc3
{[%clk 0:29:37]} 35. a4 {[%clk 0:17:47]} Rcc7 {[%clk 0:29:16]} 36. Rb2
{[%clk 0:15:19]} Nc6 {[%clk 0:29:03]} 37. Rc1 {[%clk 0:14:04]} Na5
{[%clk 0:17:45]} 38. Rxc7 {[%clk 0:10:36]} Rxc7 {[%clk 0:18:10]} 39. Rb5
{[%clk 0:10:58]} Nc4 {[%clk 0:16:28]} 40. a5 {[%clk 0:40:57]} Nxb6
{[%clk 0:38:25]} 41. Rxb6 {[%clk 0:41:03]} Rc1+ {[%clk 0:38:19]} 42. Kh2
{[%clk 0:41:29]} Ra1 {[%clk 0:38:25]} 43. a6 {[%clk 0:40:58]} d5 {[%clk 0:36:47]}
44. Rb7+ {[%clk 0:37:59]} Kd6 {[%clk 0:37:13]} 45. Rxh7 {[%clk 0:35:23]} d4
{[%clk 0:34:26]} 46. a7 {[%clk 0:35:39]} d3 {[%clk 0:33:28]} 47. Rb7
{[%clk 0:32:37]} d2 {[%clk 0:33:23]} 48. a8=Q {[%clk 0:32:42]} Rxa8
{[%clk 0:33:29]} 49. Rb1 {[%clk 0:33:08]} Kc5 {[%clk 0:33:27]} 50. Rd1
{[%clk 0:32:36]} Rd8 {[%clk 0:33:54]} 51. Kg3 {[%clk 0:29:00]} Rd3+
{[%clk 0:33:26]} 52. f3 {[%clk 0:29:02]} Kc4 {[%clk 0:33:46]} 53. Kg4
{[%clk 0:26:15]} Kc3 {[%clk 0:33:53]} 54. Kh5 {[%clk 0:26:36]} Kc2
{[%clk 0:34:14]} 55. Rg1 {[%clk 0:26:32]} f5 {[%clk 0:32:35]} 56. exf5
{[%clk 0:25:32]} exf5 {[%clk 0:32:54]} 57. Kg5 {[%clk 0:25:56]} e4
{[%clk 0:33:01]} 58. Kxf5 {[%clk 0:25:36]} e3 {[%clk 0:33:19]} 0-1

[Event "World Chess Olympiad 2018"]
[Site "Batumi"]
[Date "2018.09.28"]
[Round "5"]
[Board "4"]
[WhiteFideId "6000436"]
[White "Lai Robin"]
[BlackFideId "12600784"]
[Black "Ajavon Anthony Obieni"]
[Result "1/2-1/2"]
[LiveChessVersion "1.4.8"]
[BlackElo "1902"]
[WhiteElo "1863"]

1. Nf3 {[%clk 1:30:56]} d5 {[%clk 1:30:54]} 2. g3 {[%clk 1:31:18]} Nf6
{[%clk 1:31:02]} 3. Bg2 {[%clk 1:31:42]} c6 {[%clk 1:30:22]} 4. c4
{[%clk 1:29:53]} Bg4 {[%clk 1:23:08]} 5. Ne5 {[%clk 1:27:48]} e6 {[%clk 1:19:20]}
6. cxd5 {[%clk 1:23:02]} exd5 {[%clk 1:19:44]} 7. Nxg4 {[%clk 1:21:45]} Nxg4
{[%clk 1:20:07]} 8. e4 {[%clk 1:21:41]} Nf6 {[%clk 1:15:59]} 9. e5
{[%clk 1:20:27]} Nfd7 {[%clk 1:15:46]} 10. O-O {[%clk 1:19:45]} Be7
{[%clk 1:11:46]} 11. d4 {[%clk 1:18:22]} O-O {[%clk 1:03:14]} 12. Nc3
{[%clk 0:57:22]} Nb6 {[%clk 0:54:42]} 13. h4 {[%clk 0:51:09]} N8d7
{[%clk 0:51:30]} 14. Qg4 Re8 15. h5 {[%clk 0:44:22]} Bf8 {[%clk 0:40:03]} 16. Bh3
{[%clk 0:40:24]} c5 {[%clk 0:36:35]} 17. Bg5 {[%clk 0:26:48]} Qb8
{[%clk 0:24:17]} 18. Bf4 {[%clk 0:21:15]} cxd4 {[%clk 0:18:25]} 19. e6
{[%clk 0:19:53]} Ne5 {[%clk 0:16:58]} 20. Bxe5 {[%clk 0:11:29]} Qxe5
{[%clk 0:16:37]} 21. Rae1 {[%clk 0:09:54]} Qf6 {[%clk 0:16:52]} 22. Nb5
{[%clk 0:09:42]} Rac8 {[%clk 0:14:57]} 23. Qxd4 {[%clk 0:06:10]} Rc4
{[%clk 0:13:27]} 24. Qxf6 {[%clk 0:06:09]} gxf6 {[%clk 0:13:55]} 25. exf7+
{[%clk 0:04:45]} Kxf7 26. Rxe8 {[%clk 0:04:44]} Kxe8 {[%clk 0:14:47]} 27. Re1+
{[%clk 0:04:55]} Kf7 {[%clk 0:13:34]} 28. Be6+ {[%clk 0:04:43]} Kg7
{[%clk 0:13:33]} 29. Nc3 {[%clk 0:04:49]} Bb4 {[%clk 0:12:36]} 30. Rd1
{[%clk 0:02:52]} Bxc3 {[%clk 0:09:18]} 31. bxc3 {[%clk 0:03:19]} Rc5
{[%clk 0:09:25]} 32. Rd3 {[%clk 0:03:20]} Kf8 {[%clk 0:08:28]} 33. g4
{[%clk 0:02:09]} Ke7 {[%clk 0:08:45]} 34. Re3 {[%clk 0:02:21]} Nc4
{[%clk 0:08:12]} 35. Re2 {[%clk 0:02:41]} Ne5 {[%clk 0:08:29]} 36. Bf5
{[%clk 0:02:12]} Rc4 {[%clk 0:08:56]} 37. Bxh7 {[%clk 0:01:16]} Rxg4+
{[%clk 0:09:22]} 38. Kf1 {[%clk 0:01:30]} Kd6 {[%clk 0:08:23]} 39. Re3
{[%clk 0:01:07]} Rh4 {[%clk 0:07:46]} 40. Bg6 {[%clk 0:31:03]} Nxg6
{[%clk 0:37:59]} 41. hxg6 {[%clk 0:31:30]} Rg4 {[%clk 0:38:04]} 42. Rg3
{[%clk 0:28:20]} Rxg3 {[%clk 0:37:51]} 43. fxg3 {[%clk 0:28:48]} Ke7
{[%clk 0:38:12]} 44. Ke2 {[%clk 0:28:49]} Kf8 {[%clk 0:38:41]} 45. Kd3
{[%clk 0:16:08]} Kg7 {[%clk 0:38:37]} 46. Kd4 {[%clk 0:16:27]} Kxg6
{[%clk 0:39:02]} 47. Kxd5 {[%clk 0:16:47]} Kf5 {[%clk 0:12:05]} 48. c4
{[%clk 0:16:07]} Kg4 {[%clk 0:12:04]} 49. Ke6 {[%clk 0:10:36]} Kxg3
{[%clk 0:10:41]} 50. Kxf6 {[%clk 0:10:43]} Kf4 {[%clk 0:11:05]} 51. Ke6
{[%clk 0:11:07]} Ke4 {[%clk 0:11:24]} 52. Kd6 {[%clk 0:11:28]} Kd4
{[%clk 0:11:51]} 53. c5 {[%clk 0:11:43]} a5 {[%clk 0:05:47]} 54. c6
{[%clk 0:03:32]} bxc6 {[%clk 0:06:12]} 55. Kxc6 {[%clk 0:03:59]} Kc4
{[%clk 0:06:22]} 56. Kb6 {[%clk 0:03:00]} Kb4 {[%clk 0:04:30]} 57. a3+
{[%clk 0:02:46]} 1/2-1/2

[Event "World Chess Olympiad 2018"]
[Site "Batumi"]
[Date "2018.09.28"]
[Round "5"]
[Board "2"]
[WhiteFideId "14300141"]
[White "Kobese Watu"]
[BlackFideId "8200041"]
[Black "Gajadin Dewperkash"]
[Result "1-0"]
[LiveChessVersion "1.4.8"]
[BlackElo "2010"]
[WhiteElo "2344"]

1. e4 {[%clk 1:30:56]} e5 {[%clk 1:30:53]} 2. Nf3 {[%clk 1:31:18]} Nc6
{[%clk 1:31:08]} 3. Bb5 {[%clk 1:31:41]} a6 {[%clk 1:31:14]} 4. Ba4
{[%clk 1:32:04]} Nf6 {[%clk 1:31:26]} 5. O-O {[%clk 1:32:24]} Nxe4
{[%clk 1:31:21]} 6. d4 {[%clk 1:32:17]} b5 {[%clk 1:30:48]} 7. Bb3
{[%clk 1:32:40]} d5 {[%clk 1:30:38]} 8. dxe5 {[%clk 1:33:01]} Be6
{[%clk 1:30:44]} 9. Nbd2 {[%clk 1:33:09]} Nc5 {[%clk 1:24:43]} 10. c3
{[%clk 1:33:28]} Be7 {[%clk 1:21:21]} 11. Bc2 {[%clk 1:33:45]} O-O
{[%clk 0:51:15]} 12. Re1 {[%clk 1:33:49]} d4 {[%clk 0:38:33]} 13. cxd4
{[%clk 1:30:00]} Nxd4 {[%clk 0:38:45]} 14. Nxd4 {[%clk 1:25:38]} Qxd4
{[%clk 0:38:45]} 15. Qh5 {[%clk 1:25:38]} g6 {[%clk 0:32:47]} 16. Qh6
{[%clk 1:24:45]} Bd5 {[%clk 0:26:46]} 17. Nf1 {[%clk 1:19:56]} Rfe8
{[%clk 0:21:53]} 18. Bd2 {[%clk 0:54:32]} Bf8 {[%clk 0:19:35]} 19. Qg5
{[%clk 0:46:01]} Qxb2 {[%clk 0:16:36]} 20. Rac1 {[%clk 0:44:33]} Ne6
{[%clk 0:14:14]} 21. Qg3 {[%clk 0:44:31]} Qd4 {[%clk 0:11:51]} 22. Be3
{[%clk 0:38:59]} Qb2 {[%clk 0:09:32]} 23. Bb1 {[%clk 0:35:13]} Bg7
{[%clk 0:08:40]} 24. f4 {[%clk 0:35:25]} Rad8 {[%clk 0:03:52]} 25. Nd2
{[%clk 0:29:53]} c5 {[%clk 0:01:51]} 26. Be4 {[%clk 0:23:37]} Nd4
{[%clk 0:01:04]} 27. Qf2 {[%clk 0:16:47]} Bxe4 {[%clk 0:00:47]} 28. Nxe4
{[%clk 0:17:09]} Qxf2+ {[%clk 0:00:59]} 29. Bxf2 {[%clk 0:17:37]} c4
{[%clk 0:01:01]} 30. Nd6 {[%clk 0:17:55]} Nc6 {[%clk 0:00:48]} 31. Nxe8
{[%clk 0:18:07]} Rxe8 {[%clk 0:00:57]} 32. Bc5 {[%clk 0:16:57]} Bf8
{[%clk 0:01:16]} 33. Bd6 {[%clk 0:15:48]} Bxd6 {[%clk 0:00:59]} 34. exd6
{[%clk 0:16:16]} Rd8 {[%clk 0:01:20]} 35. Rcd1 {[%clk 0:16:34]} Rd7
{[%clk 0:01:07]} 36. Re8+ {[%clk 0:16:40]} Kg7 {[%clk 0:01:32]} 37. a3
{[%clk 0:16:30]} Kf6 {[%clk 0:01:12]} 38. g4 {[%clk 0:16:25]} h6 {[%clk 0:01:13]}
39. h4 {[%clk 0:15:23]} a5 {[%clk 0:01:23]} 40. Rc8 {[%clk 0:45:22]} Na7
{[%clk 0:30:44]} 41. Rc7 {[%clk 0:42:46]} Rxc7 {[%clk 0:26:24]} 42. dxc7
{[%clk 0:43:02]} c3 {[%clk 0:24:17]} 43. Kf2 {[%clk 0:38:31]} Ke6
{[%clk 0:23:25]} 44. Ke2 {[%clk 0:38:29]} b4 {[%clk 0:22:58]} 45. axb4
{[%clk 0:38:27]} axb4 {[%clk 0:23:22]} 46. Rd8 {[%clk 0:38:32]} b3
{[%clk 0:17:21]} 47. Kd1 {[%clk 0:37:19]} h5 {[%clk 0:10:10]} 48. gxh5
{[%clk 0:36:57]} gxh5 {[%clk 0:10:08]} 49. Ra8 {[%clk 0:37:05]} 1-0

[Event "World Chess Olympiad 2018"]
[Site "Batumi"]
[Date "2018.09.28"]
[Round "5"]
[Board "3"]
[WhiteFideId "8200211"]
[White "Sanches Casanova Romario"]
[BlackFideId "14300702"]
[Black "Mabusela Johannes Manyedi"]
[Result "0-1"]
[LiveChessVersion "1.4.8"]
[BlackElo "2245"]
[WhiteElo "2029"]

1. e4 {[%clk 1:30:52]} e6 {[%clk 1:30:55]} 2. d3 {[%clk 1:30:32]} d5
{[%clk 1:30:43]} 3. Nd2 {[%clk 1:30:58]} c5 {[%clk 1:30:46]} 4. Ngf3
{[%clk 1:31:20]} Nc6 {[%clk 1:30:56]} 5. g3 {[%clk 1:31:43]} Bd6 {[%clk 1:30:01]}
6. Bg2 {[%clk 1:30:49]} Nge7 {[%clk 1:30:14]} 7. O-O {[%clk 1:30:48]} O-O
{[%clk 1:30:27]} 8. Re1 {[%clk 1:31:06]} Qc7 {[%clk 1:27:17]} 9. c3
{[%clk 1:28:17]} Bd7 {[%clk 1:17:51]} 10. Qe2 {[%clk 1:25:53]} f6
{[%clk 1:14:45]} 11. Nb3 {[%clk 1:16:09]} Rae8 {[%clk 1:11:40]} 12. d4
{[%clk 1:12:13]} cxd4 {[%clk 1:00:57]} 13. Nfxd4 {[%clk 1:09:23]} Nxd4
{[%clk 0:54:59]} 14. Nxd4 {[%clk 1:08:23]} dxe4 {[%clk 0:52:28]} 15. Bxe4
{[%clk 1:06:47]} a6 {[%clk 0:51:51]} 16. Bg2 {[%clk 0:54:44]} e5 {[%clk 0:49:25]}
17. Nc2 {[%clk 0:50:35]} f5 {[%clk 0:46:19]} 18. Bg5 {[%clk 0:48:14]} Bb5
{[%clk 0:37:20]} 19. Qh5 {[%clk 0:46:37]} Bc6 {[%clk 0:30:44]} 20. Bf1
{[%clk 0:26:33]} Ng6 {[%clk 0:28:38]} 21. Ne3 {[%clk 0:23:35]} b5
{[%clk 0:23:00]} 22. c4 {[%clk 0:20:06]} f4 {[%clk 0:22:19]} 23. gxf4
{[%clk 0:19:09]} exf4 {[%clk 0:21:46]} 24. Nd5 {[%clk 0:19:17]} Qf7
{[%clk 0:19:05]} 25. Rxe8 {[%clk 0:17:33]} Rxe8 {[%clk 0:19:12]} 26. Bd3
{[%clk 0:12:54]} bxc4 {[%clk 0:18:40]} 27. Bxc4 {[%clk 0:07:44]} Bxd5
{[%clk 0:18:56]} 28. Bxa6 {[%clk 0:08:10]} Qf5 {[%clk 0:18:29]} 29. Rd1
{[%clk 0:07:31]} h6 {[%clk 0:15:47]} 30. Rxd5 {[%clk 0:01:53]} Qxd5
{[%clk 0:16:01]} 31. Qxg6 {[%clk 0:00:51]} Qxg5+ {[%clk 0:14:19]} 0-1

[Event "World Chess Olympiad 2018"]
[Site "Batumi"]
[Date "2018.09.28"]
[Round "5"]
[Board "4"]
[WhiteFideId "14300494"]
[White "Van den Heever Donovan"]
[BlackFideId "8200173"]
[Black "Hanoeman Suradj"]
[Result "1-0"]
[LiveChessVersion "1.4.8"]
[BlackElo "1996"]
[WhiteElo "2227"]

1. e4 {[%clk 1:30:50]} c5 {[%clk 1:29:16]} 2. Nf3 {[%clk 1:31:13]} e6
{[%clk 1:29:13]} 3. g3 {[%clk 1:31:23]} d5 {[%clk 1:27:42]} 4. exd5
{[%clk 1:31:26]} exd5 {[%clk 1:28:00]} 5. d4 {[%clk 1:31:20]} Nf6
{[%clk 1:27:37]} 6. Bg2 {[%clk 1:30:47]} Nc6 {[%clk 1:27:25]} 7. O-O
{[%clk 1:27:51]} Be7 {[%clk 1:27:10]} 8. dxc5 {[%clk 1:22:54]} O-O
{[%clk 1:27:15]} 9. Nc3 {[%clk 1:10:03]} h6 {[%clk 1:22:57]} 10. Nd4
{[%clk 0:52:28]} Bxc5 {[%clk 1:09:31]} 11. Nb3 {[%clk 0:47:27]} Bg4
{[%clk 1:04:52]} 12. Qd2 {[%clk 0:45:53]} Bb4 {[%clk 1:04:37]} 13. a3
{[%clk 0:46:09]} Bxc3 {[%clk 1:01:14]} 14. Qxc3 {[%clk 0:46:36]} Rc8
{[%clk 1:00:29]} 15. Be3 {[%clk 0:40:22]} Ne4 {[%clk 0:53:32]} 16. Qe1
{[%clk 0:39:43]} Re8 {[%clk 0:48:10]} 17. c3 {[%clk 0:27:41]} Ne5
{[%clk 0:42:39]} 18. f3 {[%clk 0:17:15]} Nf6 {[%clk 0:40:56]} 19. Qf2
{[%clk 0:14:48]} b6 {[%clk 0:39:14]} 20. Bd4 {[%clk 0:13:58]} Bf5
{[%clk 0:38:24]} 21. Bxe5 {[%clk 0:13:28]} Rxe5 {[%clk 0:38:25]} 22. Nd4
{[%clk 0:13:48]} Bd3 {[%clk 0:36:48]} 23. Rfe1 {[%clk 0:13:57]} Re8
{[%clk 0:35:31]} 24. Rxe8+ {[%clk 0:13:05]} Qxe8 {[%clk 0:35:54]} 25. Qd2
{[%clk 0:11:42]} Ba6 {[%clk 0:35:24]} 26. Bh3 {[%clk 0:10:42]} Rd8
{[%clk 0:34:00]} 27. Re1 {[%clk 0:09:42]} Qf8 {[%clk 0:34:07]} 28. Re5
{[%clk 0:09:26]} Qd6 {[%clk 0:33:11]} 29. Qf4 {[%clk 0:08:56]} Bd3
{[%clk 0:30:45]} 30. Bf5 {[%clk 0:06:16]} g5 {[%clk 0:27:33]} 31. Qe3
{[%clk 0:06:18]} Be4 {[%clk 0:27:14]} 32. f4 {[%clk 0:04:05]} Qc7
{[%clk 0:25:56]} 33. Bxe4 {[%clk 0:02:40]} Ng4 {[%clk 0:24:18]} 34. Qd3
{[%clk 0:01:03]} Nxe5 {[%clk 0:24:13]} 35. Bh7+ {[%clk 0:01:28]} Kh8
{[%clk 0:24:12]} 36. fxe5 {[%clk 0:01:55]} Qxe5 {[%clk 0:24:01]} 37. Nf3
{[%clk 0:01:53]} Qe7 {[%clk 0:14:32]} 38. Bf5 {[%clk 0:02:14]} Kg8
{[%clk 0:10:39]} 39. Bh7+ {[%clk 0:01:46]} Kh8 {[%clk 0:10:39]} 40. Bf5
{[%clk 0:32:11]} Kg8 {[%clk 0:40:48]} 41. Qd2 {[%clk 0:24:26]} Qf6
{[%clk 0:40:21]} 42. Nd4 {[%clk 0:24:37]} Re8 {[%clk 0:39:21]} 43. Kg2
{[%clk 0:24:18]} Qe5 {[%clk 0:37:57]} 44. Bc2 {[%clk 0:21:09]} Qf6
{[%clk 0:35:45]} 45. Qf2 {[%clk 0:20:09]} Kg7 {[%clk 0:34:47]} 46. Nf5+
{[%clk 0:18:56]} Kf8 {[%clk 0:34:16]} 47. Bd3 {[%clk 0:17:57]} Re5
{[%clk 0:32:22]} 48. Nd4 {[%clk 0:17:33]} Qd6 {[%clk 0:31:27]} 49. Nf3
{[%clk 0:16:28]} Re7 {[%clk 0:30:27]} 50. Nd4 {[%clk 0:15:14]} Re5
{[%clk 0:30:13]} 51. Qf3 {[%clk 0:14:55]} Qd7 {[%clk 0:27:51]} 52. Qf6
{[%clk 0:14:13]} 1-0